01038 a2200253 4500003000500000005001700005010001600022020001500038040000900053082001200062100001800074245012900092260003100221300002400252500024200276538002900518650002600547650002400573650001600597700001900613942001200632999001900644952012100663Nust20170207153356.0 a 74016781 a0470576227 cNust00a001.5391 aMathai, A. M.10aBasic concepts in information theory and statistics :baxiomatic foundations and applications /cA. M. Mathai, P. N. Rathie. aNew York :bWiley,c[1975] ax, 137 p. ;c24 cm. aThe Concept of Uncertainty (Page-1), The Concept of Directed Divergence (Page-35), The Concept of Inaccuracy (Page-75), Some Basic Statistical Concepts and Their Cauterizations (Page-87), Some Other Measuring and Inequalities (Page-105), aAlmirah No.50 Shelf No.2 0aAxiomatic set theory. 0aInformation theory. 0aStatistics.1 aRathie, P. N., 2ddccBK c184761d184761 00102ddc4070aMCSbMCScGENd2016-12-12o310 ,MATpMCS5206r2016-12-08w2016-12-12yBKzAlmirah No.81, Shelf No.5